000 00510nam a2200217Ia 4500
003 OSt
005 20220926045318.0
006 a|||||r|||| 00| 0
007 ta
008 220923b |||||||| |||| 00| 0 eng d
037 _cGeneral Book
040 _aRTL
_cRTL
_beng
041 _2eng
_aeng
082 _aG:55, K2
100 _aCarson R
_9350055
245 0 _aSilent spring
260 _c1963
300 _a304p
_ccm.
942 _hG:55, K2
_cGB
_2CC
999 _c677261
_d677261